عرض عادي
عرض مارك
- Gibson, Robert,
مدخل إسم شخص
001 - رقم الضبط
- حقل الضبط: 13817
003 - معرف رقم الضبط
- حقل الضبط: OSt
005 - تاريخ ووقت أخر عملية
- حقل الضبط: 20120513014950.0
008 - عناصر بيانات ثابتة الطول
- حقل تحكم ثابت الطول: 120513|||a|||||| | ||| d
040 ## - مصدر الفهرسة
- هيئة الفهرسة الأصلية: OSt
- وكالة الكتابة: OSt
100 ## - مدخل -- أسم شخص
- إسم شخص: Gibson, Robert,
- تواريخ مرتبطة بالاسم: 1952-
670 ## - بيانات المصدر موجوده
- الاستشهاد بالمصدر: Work cat.: (OSt)24005: Essential medical imaging /, c2009.
